F1 Red Bull Drivers - Sudden Death - Statistics

General Stats
  • This quiz has been taken 403 times
  • The average score is 6 of 9
Answers on the Grid
Answers color-coded by a green-red scale on the quiz's grid according to % correct below.
Alexander Albon
Ayrton Senna
Carlos Sainz
Daniel Ricciardo
Daniil Kvjat
David Coulthard
Felipe Massa
Fernando Alonso
Keke Rosberg
Kimi Räikkönen
Lewis Hamilton
Marcus Ericsson
Mark Webber
Max Verstappen
Nico Hülkenberg
Nico Rosberg
Nigel Mansell
Pierre Gasly
Sebastian Vettel
Sergio Pérez
 
Answer Stats
Answer % Correct
Alexander Albon
91%
Max Verstappen
73%
Daniil Kvjat
69%
Daniel Ricciardo
68%
Sebastian Vettel
67%
Sergio Pérez
65%
Mark Webber
63%
Pierre Gasly
62%
David Coulthard
50%
No matching quizzes found
Score Distribution
Percent of People with Each Score
Percentile by Number Answered
Your Score History
You have not taken this quiz